| 000 | 01617nam a2200457 i 4500 | ||
|---|---|---|---|
| 001 | 33501 | ||
| 003 | KOSZ 005 | ||
| 005 | 20250722063909.0 | ||
| 008 | 980627s1998 pl |000 0 pol | ||
| 015 | _aPB 1998/8457 | ||
| 020 | _a8301125640 | ||
| 040 |
_aWA N _cWA N _dKOSZ 005/HR |
||
| 046 | _k1998 | ||
| 080 | _a658.14/.17(438)"1989/..." | ||
| 080 | _a338.45(438)"1989/..." | ||
| 080 | _a338.24(438)"1989/..." | ||
| 100 | 1 |
_aKotowicz-Jawor, Joanna _d(1940- ) _eAutor |
|
| 245 | 1 | 0 |
_aPrzebudowa mikroekonomicznego mechanizmu rozwoju / _cJoanna Kotowicz-Jawor ; Fundacja Edukacyjna Przedsiębiorczości. |
| 260 |
_aWarszawa : _bWydawnictwo Naukowe PWN, _c1998. |
||
| 300 |
_a160, [2] s. ; _c24 cm. |
||
| 336 |
_2rdacontent _aTekst _btxt |
||
| 337 |
_2rdamedia _aBez urządzenia pośredniczącego _bn |
||
| 338 |
_2rdacarrier _aWolumin _bnc |
||
| 380 | _aKsiążki | ||
| 388 | _a1901-2000 | ||
| 388 | _a1989-2000 | ||
| 490 | 1 | _aPrzedsiębiorczość | |
| 504 | _aBibliogr. s. 159-[161]. | ||
| 648 | 7 | _a1901-2000 | |
| 648 | 7 | _a1989-2000 | |
| 650 | 4 | _aEkonomika przedsiębiorstwa | |
| 650 | 4 | _aFinanse przedsiębiorstwa | |
| 650 | 4 | _aPolityka gospodarcza | |
| 651 | _aPolska | ||
| 658 | _aGospodarka, ekonomia, finanse | ||
| 710 | 2 |
_aWydawnictwo Naukowe PWN _4pbl. |
|
| 710 | 2 | _aFundacja Edukacyjna Przedsiębiorczości | |
| 830 | 0 | _aPrzedsiębiorczość (PWN) | |
| 856 |
_uhttp://koha.tu.koszalin.pl/cgi-bin/koha/opac-detail.pl?biblionumber=33501 _yKatalog online BPK |
||
| 942 |
_2UKD _cKS |
||
| 999 |
_c33501 _d33501 |
||